|
|
|
|
| LEADER |
00000nab a22000007a 4500 |
| 003 |
cru INIE |
| 005 |
20170826062551.0 |
| 008 |
150521b1997 cr f|||| |||| 00| 0 spa d |
| 090 |
|
|
|a REVIS 06.02.01
|
| 100 |
1 |
|
|9 98
|a Sandí Esquivel, Luis
|
| 245 |
1 |
0 |
|a Comportamiento general y consumo de drogas en estudiantes de alto riesgo /
|c Luis Sandí Esquivel, Alicia Díaz A.
|
| 260 |
|
|
|a San José, Costa Rica :
|b Universidad de Costa Rica,
|c 1997
|
| 300 |
|
|
|a páginas 73-80
|
| 520 |
|
|
|a Con el objeto de estudiar el comportamiento general de adolescentes de alto riesgo para el consumo de drogas se evaluaron 162 estudiantes con problemas académicos y de conducta, según criterio de los docentes, para establecer comparaciones con respecto a los estudiantes sin esos problemas. Sus edades estaban comprendidas entre 12 y 19 años, con un promedio de 14,6 (D.E.=1,5). Para obtener la información se utilizó el Drug Use Screening Inventory en su versión latinoamericana, el cual permite evaluar el consumo de drogas y las áreas de funcionamiento del sujeto. Con base en las mismas preguntas del instrumento se elaboraron cuatro escalas para medir rebeldía, depresión, psicosis y ansiedad. Se encontró un mayor consumo de drogas en los estudiantes de alto riesgo, tanto de alcohol y tabaco como de las drogas ilícitas en general. La droga preferida fue la marihuana. Todas las áreas de funcionamiento estaban afectadas en los estudiantes de alto riesgo y la mayoría presentaba transtornos psicopatológicos. Esto se presentó con más frecuencia en las mujeres que en los varones. Se concluye la importancia de detectar e intervenir tempranamente a la población de alto riesgo estudiantil, así como redoblar los esfuerzos en las estrategias preventivas dirigidas a esta población.
|
| 650 |
|
0 |
|9 1
|a EDUCACIÓN
|
| 700 |
|
|
|9 99
|a Díaz A., Alicia
|
| 773 |
0 |
|
|d San José, Costa Rica : Editorial de la Universidad de Costa Rica, 1997-
|o R0019
|t EDUCACIÓN: Revista de la Universidad de Costa Rica
|g Vol.21, no.2 (1997)
|
| 942 |
|
|
|h REVIS 06.02.01
|2 z
|c 10
|
| 999 |
|
|
|c 2583
|d 2583
|